书目信息 |
| 题名: |
齐民要术(二)
|
|
| 作者: | 贾思勰 撰 | |
| 分册: | ||
| 出版信息: | 北京 中国书店 2018.08 |
|
| 页数: | 326页 | |
| 开本: | 27cm | |
| 丛书名: | 钦定四库全书 | |
| 单 册: | ||
| 中图分类: | S-092.392 | |
| 科图分类: | ||
| 主题词: | 农学--研究--中国--南北朝时代 | |
| 电子资源: | ||
| ISBN: | 978-7-5149-2063-5 | |
| 000 | 01031oam2 2200289 450 | |
| 001 | 5131 | |
| 005 | 20181015091043.20 | |
| 010 | @a978-7-5149-2063-5@dCNY148.00 | |
| 100 | @a20180913e2018 em y0chiy50 ea | |
| 101 | 0 | @achi |
| 102 | @aCN@b110000 | |
| 105 | @ay z 000yy | |
| 200 | 1 | @a齐民要术(二)@Aqi min yao shu(er)@9qi min yao shu@f(北魏)贾思勰撰 |
| 205 | @a[影印本] | |
| 210 | @a北京@c中国书店@d2018.08 | |
| 215 | @a326页@d27cm | |
| 225 | 1 | @a钦定四库全书@i子部 |
| 300 | @a四库全书·农家类 | |
| 330 | @a本书十卷,后魏贾思勰撰。自序称,起自耕农,终於醯醢,资生之乐,靡不毕书,凡九十二篇。今本乃终於五穀果蓏非中国物者。自序又称,商贾之事,阙而不录。今本货殖一篇,乃列於第六十二,莫知其义。中第三十篇为杂说,而卷端又列杂说数条,不入篇数。 | |
| 461 | 0 | @12001 @a钦定四库全书 |
| 462 | 0 | @12001 @a子部 |
| 605 | @a《齐民要术》 | |
| 606 | 0 | @a农学@x研究@y中国@z南北朝时代 |
| 690 | @aS-092.392@v5 | |
| 701 | 0 | @c(北魏)@a贾思勰@9jia si xie@4撰 |
| 801 | 0 | @aCN@b91MARC@c20180913 |
| 905 | @aMuseLib@dS-092.392@e53:2 | |
| 齐民要术(二)/(北魏)贾思勰撰.-[影印本].-北京:中国书店,2018.08 |
| 326页;27cm.-(钦定四库全书.子部) |
| 四库全书·农家类 |
| ISBN 978-7-5149-2063-5:CNY148.00 |
| 本书十卷,后魏贾思勰撰。自序称,起自耕农,终於醯醢,资生之乐,靡不毕书,凡九十二篇。今本乃终於五穀果蓏非中国物者。自序又称,商贾之事,阙而不录。今本货殖一篇,乃列於第六十二,莫知其义。中第三十篇为杂说,而卷端又列杂说数条,不入篇数。 |
| ● |
| 相关链接 |
|
|
|
|
正题名:齐民要术(二)
索取号:S-092.392/53:2
 
预约/预借
| 序号 | 登录号 | 条形码 | 馆藏地/架位号 | 状态 | 备注 |
| 1 | 1128272 | 211282725 | 第二样本阅览室/ [索取号:S-092.392/53:2] | 在馆 | |
| 2 | 1128273 | 211282734 | 第三借阅区/ [索取号:S-092.392/53:2] | 在馆 | |
| 3 | 1128274 | 211282743 | 第三借阅区/ [索取号:S-092.392/53:2] | 在馆 |